| 000 | 00516nam a22001457a 4500 | ||
|---|---|---|---|
| 003 | macl | ||
| 005 | 20180426154322.0 | ||
| 008 | 180426b xxu||||| |||| 00| 0 eng d | ||
| 040 | _cmacl | ||
| 100 |
_aरवि पी; अग्रहिर _972352 |
||
| 245 | _aपर्यावरणीय पारिस्थितिकी एवं जैव विविधता | ||
| 260 |
_aचेन्नई _bएम सी मेग्रा _c2017 |
||
| 650 |
_aपर्यावरण _936465 |
||
| 942 |
_2ddc _cHIN |
||
| 999 |
_c57944 _d57944 |
||